000 00770nac a22002417a 4500
001 BR7701706
003 BR-BrBNA
005 20240105114031.0
008 230509b bl.|||m| |||| 00| 0 por d
040 _aBR-BrBNA
_bpor
_cBiblioteca Nacional de Agricultura
072 _aH00
090 _aH00 BR7701706
100 1 _aCavalcante, R.D.
110 1 _aBayer do Brasil S.A., Sao Paulo, SP (Brasil)
245 1 _aA eficiencia do Folidol [Inseticida fosforado]
260 3 _aSao Paulo, SP (Brasil):
_c1977.
300 _a3 p.
490 _aBoletim Fitossanitario - Bayer do Brasil S.A. (Brazil)
_vno. 234
_xISSN 0100-4263
650 _aINSETICIDA FOSFORADO
650 _aCONTROLE QUIMICO
909 _a202312
_bLúcia Elande
_c55
_dLúcia Elande
942 _2AGRIS
_n0
_cMS
999 _c267015
_d267015